| 000 | 004540000a22001810004500 | ||
|---|---|---|---|
| 003 | MACL | ||
| 005 | 20150825124807.0 | ||
| 008 | 150825b xxu||||| |||| 00| 0 eng d | ||
| 040 |
_aMACL _cMACL |
||
| 041 | _aEnglish | ||
| 082 | _a640/KAU | ||
| 100 |
_aSodhi, S Luckvinder Singh _97275 |
||
| 245 | _aThe History of Ancient Kashmir | ||
| 260 |
_bGulshan Books _c2006 _aHyderabad |
||
| 350 | _a525 | ||
| 650 |
_aHistory _97276 |
||
| 942 |
_cBK _k900/SOD _2ddc |
||
| 999 |
_c42678 _d42678 |
||